UBT Library

Meeting health needs in the 21st century / (Record no. 43279)

000 -LEADER
fixed length control field 00812cam a22002534a 4500
001 - CONTROL NUMBER
control field 13106698
005 - DATE AND TIME OF LATEST TRANSACTION
control field 20180223075859.0
008 - FIXED-LENGTH DATA ELEMENTS--GENERAL INFORMATION
fixed length control field 030227s2003 dcua b 000 0 eng
010 ## - LIBRARY OF CONGRESS CONTROL NUMBER
LC control number 2003043973
040 ## - CATALOGING SOURCE
Original cataloging agency DLC
Transcribing agency DLC
Modifying agency DLC
041 ## - LANGUAGE CODE
Language code of text/sound track or separate title eng
042 ## - AUTHENTICATION CODE
Authentication code pcc
043 ## - GEOGRAPHIC AREA CODE
Geographic area code n-us---
080 ## - UNIVERSAL DECIMAL CLASSIFICATION NUMBER
Universal Decimal Classification number 362.10973 RUB
082 00 - DEWEY DECIMAL CLASSIFICATION NUMBER
Classification number 362.10973 RUB
Edition number 21
100 ## - Rafti
Rafti 3
101 ## - Shkurtesa
Shkurtesa SHM
245 00 - TITLE STATEMENT
Title Meeting health needs in the 21st century /
Statement of responsibility, etc Elaine R. Rubin, Stacey L. Schappert, editors.
246 3# - VARYING FORM OF TITLE
Title proper/short title Meeting health needs in the twenty-first century
504 ## - BIBLIOGRAPHY, ETC. NOTE
Bibliography, etc Includes bibliographical references.
906 ## - LOCAL DATA ELEMENT F, LDF (RLIN)
a 7
b cbc
c orignew
d 1
e ocip
f 20
g y-gencatlg
942 ## - ADDED ENTRY ELEMENTS (KOHA)
Source of classification or shelving scheme
Item type Books
Holdings
Withdrawn status Lost status Source of classification or shelving scheme Damaged status Not for loan Collection code Permanent location Current location Shelving location Date acquired Total Checkouts Full call number Barcode Date last seen Price effective from Koha item type
          Koleksioni i përgjithshem UBT - Lipjan UBT - Lipjan Koleksioni i përgjithshem 02/23/2018   362.10973 RUB 002-2999567 02/23/2018 02/23/2018 Books
UBT Library © 2015-2024. All rights reserved University Education for Business and Technology